[Event "Norwegian Team Championship 2019"]
[Site "Drammen"]
[Date "2019.06.02"]
[Round "6.12"]
[White "Rueda-Kjeldsen, Juan Carlos"]
[Black "Dale, Gunnar Brandshaug"]
[Result "1-0"]
[WhiteElo "1963"]
[BlackElo "2003"]
[Annotator "NA"]
[PlyCount "121"]
[EventDate "2019.05.30"]
[EventType "swiss"]
[EventCountry "NOR"]
[SourceTitle "playchess.com"]
[Source "ChessBase"]
[SourceQuality "1"]
[TimeControl "40/5400:1800"]

1. Nf3 {[%emt 0:00:02]} Nf6 {[%emt 0:01:00]} 2. b3 {[%emt 0:00:08]} d5 {[%emt 0:00:34]} 3. Bb2 {[%emt 0:00:14]} Bf5 {[%emt 0:00:46]} 4. e3 {[%emt 0:00:22]} c6 {[%emt 0:00:17]} 5. Ne5 {[%emt 0:00:59]} (5. Be2 Nbd7 6. O-O h6 7. c4 e6 8. Nc3 Be7 9. d4 O-O 10. a3 a5 11. c5 Ne4 12. b4 b5 13. Nd2 Nxd2 14. Qxd2 Qc7 15. f4 Nf6 16. Bf3 axb4 17. axb4 Rxa1 18. Rxa1 {½-½ (31) Vachier Lagrave,M (2780)-Dreev,A (2649) chess.com INT 2018}) 5... Nbd7 {[%emt 0:01:19]} 6. f4 {[%emt 0:01:53] A06: Réti Opening:1 Nf3 d5} e6 {[%emt 0:00:26]} 7. Be2 $146 {[%emt 0:02:17]} ({Predecessor:} 7. Nxd7 Qxd7 8. Be2 O-O-O 9. g4 Bg6 10. d3 Bc5 11. g5 Ne8 12. Qd2 {0-1 (38) Wilson,M (1830)-Giles,Y (1942) Hinckley Island 2012}) 7... Be7 {[%emt 0:01:06]} 8. O-O {[%emt 0:00:20]} Nxe5 {[%emt 0:00:37]} 9. fxe5 {[%emt 0:00:29]} Nd7 {[%emt 0:00:14]} 10. d4 {[%emt 0:24:59]} O-O {[%emt 0:02:37]} 11. Nd2 {[%emt 0:01:59]} a5 {[%emt 0:05:56]} 12. a4 {[%emt 0:03:25]} Qc7 {[%emt 0:03:49]} 13. Rc1 {[%emt 0:02:39]} f6 {[%emt 0:02:13]} 14. c4 {[%emt 0:06:40]} fxe5 {[%emt 0:01:44]} 15. cxd5 {[%emt 0:00:37]} exd5 {[%emt 0:00:46]} 16. dxe5 {[%emt 0:11:49]} Nxe5 {[%emt 0:02:08]} 17. Nf3 {[%emt 0:01:21]} Bf6 {[%emt 0:07:17]} 18. Ba3 {[%emt 0:07:24]} Rf7 {[%emt 0:01:32]} 19. Nd4 {[%emt 0:00:30]} Bg6 {[%emt 0:05:46]} 20. Ne6 {[%emt 0:04:47]} Qd7 {[%emt 0:02:07]} 21. Nf4 {[%emt 0:02:34]} Be4 {[%emt 0:01:33]} 22. Nh5 {[%emt 0:01:01]} Be7 {[%emt 0:01:17]} 23. Rxf7 {[%emt 0:01:01]} Nxf7 {[%emt 0:01:28]} 24. Qd4 {[%emt 0:00:47]} Ne5 {[%emt 0:02:25]} 25. Bb2 {[%emt 0:04:03]} Bd6 {[%emt 0:01:07]} 26. Ng3 {[%emt 0:00:35]} Bg6 {[%emt 0:02:05]} 27. e4 {[%emt 0:00:25]} Bxe4 {[%emt 0:03:54]} 28. Nxe4 {[%emt 0:00:22]} dxe4 {[%emt 0:00:05]} 29. Rd1 {[%emt 0:00:13]} Rd8 {[%emt 0:01:22]} 30. Qxd6 {[%emt 0:02:04]} Qxd6 {[%emt 0:00:06]} 31. Rxd6 {[%emt 0:00:05]} Rxd6 {[%emt 0:00:04]} 32. Bxe5 {[%emt 0:00:04]} Rd2 {[%emt 0:02:24]} 33. Kf2 {[%emt 0:00:11]} g6 {[%emt 0:01:38]} 34. Ke3 {[%emt 0:00:06]} Ra2 {[%emt 0:00:54]} 35. g4 {[%emt 0:00:19]} Kf7 {[%emt 0:01:39]} 36. Bc4+ {[%emt 0:00:12]} Ke7 {[%emt 0:00:12]} 37. g5 {[%emt 0:00:22]} Rg2 {[%emt 0:00:57]} 38. Bg8 {[%emt 0:00:38]} Rxg5 {[%emt 0:00:26]} 39. Kxe4 {[%emt 0:00:51]} Rh5 {[%emt 0:01:01]} 40. Bc4 {[%emt 0:00:41]} Rh3 {[%emt 0:00:25]} 41. Kd4 {[%emt 0:05:09]} b5 {[%emt 0:01:09]} 42. Bd3 {[%emt 0:09:30]} Rh4+ {[%emt 0:01:34]} 43. Be4 {[%emt 0:00:53]} Ke6 {[%emt 0:01:45]} 44. Bg3 {[%emt 0:00:35]} Rg4 {[%emt 0:01:27]} 45. Ke3 {[%emt 0:01:17]} bxa4 {[%emt 0:00:57]} 46. bxa4 {[%emt 0:00:09]} Kd7 {[%emt 0:00:40]} 47. Be1 {[%emt 0:01:42]} Rg5 $11 {[%emt 0:00:38]} 48. h4 {[%emt 0:00:45]} Re5 {[%emt 0:03:02]} 49. Kd4 {[%emt 0:00:23]} Re8 {[%emt 0:01:13]} 50. Bd2 {[%emt 0:00:43]} Kd6 {[%emt 0:01:25]} 51. Bxa5 {[%emt 0:00:29]} c5+ {[%emt 0:00:13]} 52. Kd3 {[%emt 0:00:35]} Rg8 {[%emt 0:01:46]} 53. Bd2 {[%emt 0:00:22]} Rg7 {[%emt 0:00:36]} 54. Bf4+ {[%emt 0:00:14]} Ke6 {[%emt 0:00:22]} 55. Kc4 {[%emt 0:00:14]} Ra7 {[%emt 0:00:29]} 56. Kb5 {[%emt 0:00:15]} Kd7 {[%emt 0:02:11]} 57. a5 {[%emt 0:00:12]} Kc8 {[%emt 0:00:29]} 58. a6 {[%emt 0:00:15]} Re7 {[%emt 0:00:47]} 59. Bd5 {[%emt 0:00:33]} Rg7 {[%emt 0:01:19]} 60. Kb6 {[%emt 0:00:21]} Kd8 {[%emt 0:00:36]} 61. Bb7 {[%emt 0:00:29]} 1-0

[Event "Norwegian Team Championship 2019"]
[Site "Drammen"]
[Date "2019.06.02"]
[Round "6.13"]
[White "Hansen, Pal Andreas"]
[Black "Kaasen, Tor Fredrik"]
[Result "1/2-1/2"]
[WhiteElo "2118"]
[BlackElo "2398"]
[Annotator "ChessBase"]
[PlyCount "105"]
[EventDate "2019.05.30"]
[EventType "swiss"]
[EventCountry "NOR"]
[SourceTitle "playchess.com"]
[Source "ChessBase"]
[SourceQuality "1"]
[TimeControl "40/5400:1800"]

1. d4 {[%emt 0:00:18]} Nf6 {[%emt 0:00:24]} 2. c4 {[%emt 0:00:21]} e6 {[%emt 0:00:46]} 3. Nf3 {[%emt 0:00:42]} d5 {[%emt 0:01:19]} 4. g3 {[%emt 0:00:32]} Bb4+ {[%emt 0:00:37]} 5. Nbd2 {[%emt 0:01:00]} O-O {[%emt 0:00:40]} 6. a3 {[%emt 0:00:34]} Be7 {[%emt 0:01:54]} 7. Bg2 {[%emt 0:02:22]} b6 {[%emt 0:00:21]} 8. cxd5 {[%emt 0:01:00]} exd5 {[%emt 0:00:08]} 9. Ne5 {[%emt 0:00:03]} Bb7 {[%emt 0:01:05]} 10. Qa4 {[%emt 0:00:59]} c5 {[%emt 0:02:09]} 11. O-O {[%emt 0:02:20]} Qe8 {[%emt 0:02:09]} 12. Qxe8 {[%emt 0:14:41]} Rxe8 {[%emt 0:00:11]} 13. Nb3 {[%emt 0:00:19]} Bf8 {[%emt 0:11:44]} 14. Bf4 {[%emt 0:04:47]} Na6 {[%emt 0:02:25]} 15. dxc5 {[%emt 0:02:04]} Nxc5 {[%emt 0:00:17]} 16. Nxc5 {[%emt 0:00:06]} bxc5 {[%emt 0:04:57]} 17. Bf3 {[%emt 0:03:25]} Rad8 {[%emt 0:02:43]} 18. b4 {[%emt 0:00:41]} Ne4 {[%emt 0:05:35]} 19. Bxe4 {[%emt 0:07:41]} dxe4 {[%emt 0:00:04]} 20. Rfc1 {[%emt 0:04:02]} Rc8 {[%emt 0:06:30]} 21. Nd7 {[%emt 0:01:44]} cxb4 {[%emt 0:12:23]} 22. Rxc8 {[%emt 0:01:11]} Rxc8 {[%emt 0:01:01]} 23. Nxf8 {[%emt 0:01:12]} Kxf8 {[%emt 0:04:01]} 24. axb4 {[%emt 0:00:08]} a6 {[%emt 0:00:04]} 25. Rc1 {[%emt 0:00:08]} Rxc1+ {[%emt 0:00:58]} 26. Bxc1 {[%emt 0:00:06]} Ke7 {[%emt 0:00:01]} 27. Be3 {[%emt 0:01:03]} Ke6 {[%emt 0:00:04]} 28. Bc5 {[%emt 0:00:13]} Kd5 {[%emt 0:00:04]} 29. Bf8 {[%emt 0:00:14]} g6 {[%emt 0:00:05]} 30. e3 {[%emt 0:00:12]} Kc4 {[%emt 0:00:29]} 31. h4 {[%emt 0:00:20]} Kd3 {[%emt 0:00:14]} 32. Kf1 {[%emt 0:00:17]} Kd2 {[%emt 0:00:08]} 33. Be7 {[%emt 0:00:09]} Bc8 {[%emt 0:00:07]} 34. Bf8 {[%emt 0:00:09]} Bh3+ {[%emt 0:00:19]} 35. Kg1 {[%emt 0:00:04]} Ke2 {[%emt 0:00:23]} 36. Be7 {[%emt 0:00:10]} Kf3 {[%emt 0:00:48]} 37. Bg5 {[%emt 0:00:19]} Bd7 {[%emt 0:00:08]} 38. Bf6 {[%emt 0:00:10]} Kg4 {[%emt 0:00:09]} 39. Kg2 {[%emt 0:00:14]} Bb5 {[%emt 0:00:14]} 40. Be7 {[%emt 0:00:09]} Be2 {[%emt 0:00:12]} 41. Bf8 {[%emt 0:30:40]} f6 {[%emt 0:30:09]} 42. Be7 {[%emt 0:00:36]} Kf5 {[%emt 0:00:07]} 43. Bf8 {[%emt 0:00:12]} g5 {[%emt 0:00:37]} 44. hxg5 {[%emt 0:00:06]} fxg5 {[%emt 0:00:02]} 45. Be7 {[%emt 0:00:20]} h5 {[%emt 0:00:18]} 46. Bd8 {[%emt 0:00:07]} Kg4 {[%emt 0:00:05]} 47. Be7 {[%emt 0:00:16]} h4 {[%emt 0:00:54]} 48. gxh4 {[%emt 0:00:06]} gxh4 {[%emt 0:00:02]} 49. Kh2 {[%emt 0:00:15]} Bb5 {[%emt 0:00:25]} 50. Kg2 {[%emt 0:00:11]} Bd7 {[%emt 0:00:12]} 51. Bd6 {[%emt 0:00:12]} h3+ {[%emt 0:00:23]} 52. Kh2 {[%emt 0:00:05]} Kf3 {[%emt 0:00:04]} 53. Bg3 {[%emt 0:00:10]} 1/2-1/2

[Event "Norwegian Team Championship 2019"]
[Site "Drammen"]
[Date "2019.06.02"]
[Round "6.14"]
[White "Fossum, Oystein Boyum"]
[Black "Hagen, Brede Andre Larsen"]
[Result "1-0"]
[WhiteElo "2258"]
[BlackElo "2041"]
[Annotator "ChessBase"]
[PlyCount "127"]
[EventDate "2019.05.30"]
[EventType "swiss"]
[EventCountry "NOR"]
[SourceTitle "playchess.com"]
[Source "ChessBase"]
[SourceQuality "1"]
[TimeControl "40/5400:1800"]

1. Nf3 {[%emt 0:00:04]} Nf6 {[%emt 0:00:13]} 2. c4 {[%emt 0:00:21]} e6 {[%emt 0:00:38]} 3. g3 {[%emt 0:00:26]} b6 {[%emt 0:00:30]} 4. Bg2 {[%emt 0:00:20]} Bb7 {[%emt 0:00:05]} 5. O-O {[%emt 0:01:33]} c5 {[%emt 0:00:43]} 6. Nc3 {[%emt 0:02:05]} a6 {[%emt 0:01:42]} 7. b3 {[%emt 0:01:51]} d6 {[%emt 0:09:38]} 8. Bb2 {[%emt 0:03:26]} Be7 {[%emt 0:01:37]} 9. e3 {[%emt 0:05:25]} O-O {[%emt 0:03:39]} 10. Qe2 {[%emt 0:00:26]} Nbd7 {[%emt 0:03:36]} 11. Rfd1 {[%emt 0:02:59]} Qc7 {[%emt 0:05:20]} 12. Rac1 {[%emt 0:07:13]} Rfe8 {[%emt 0:03:16]} 13. d4 {[%emt 0:03:09]} Ne4 {[%emt 0:02:39]} 14. Nb1 {[%emt 0:06:59]} Rac8 {[%emt 0:04:02]} 15. Ne1 {[%emt 0:06:04]} Nef6 {[%emt 0:14:21]} 16. d5 {[%emt 0:01:58]} e5 {[%emt 0:05:09]} 17. e4 {[%emt 0:04:07]} Rb8 {[%emt 0:00:21]} 18. Nd3 {[%emt 0:01:15]} Rf8 {[%emt 0:16:29]} 19. Nd2 {[%emt 0:01:47]} Ne8 {[%emt 0:02:14]} 20. Nf1 {[%emt 0:01:54]} Bc8 {[%emt 0:01:08]} 21. Ne3 {[%emt 0:00:42]} g6 {[%emt 0:00:20]} 22. Rf1 {[%emt 0:01:50]} Bf6 {[%emt 0:00:11]} 23. Bc3 {[%emt 0:02:40]} b5 {[%emt 0:00:13]} 24. Qd2 {[%emt 0:00:48]} b4 {[%emt 0:01:52]} 25. Bb2 {[%emt 0:01:18]} Nb6 {[%emt 0:00:01]} 26. f4 {[%emt 0:03:45]} Bg7 27. Qf2 {[%emt 0:02:25]} f6 {[%emt 0:00:15]} 28. Ra1 {[%emt 0:00:58]} a5 {[%emt 0:00:20]} 29. a4 {[%emt 0:05:22]} Bh6 {[%emt 0:00:08]} 30. Bf3 {[%emt 0:00:47]} Bh3 {[%emt 0:00:02]} 31. Rfe1 {[%emt 0:00:55]} Qf7 {[%emt 0:03:04]} 32. Bg4 {[%emt 0:00:41]} Bxg4 {[%emt 0:00:08]} 33. Nxg4 {[%emt 0:00:03]} Bg7 {[%emt 0:00:15]} 34. Re2 {[%emt 0:01:50]} f5 {[%emt 0:01:14]} 35. Ngxe5 {[%emt 0:04:02]} dxe5 {[%emt 0:00:26]} 36. fxe5 {[%emt 0:00:24]} fxe4 {[%emt 0:01:44]} 37. Qxf7+ {[%emt 0:00:24]} Rxf7 {[%emt 0:00:02]} 38. Nxc5 {[%emt 0:00:12]} Rf3 {[%emt 0:00:21]} 39. Rxe4 {[%emt 0:00:56]} Rc8 {[%emt 0:00:55]} 40. Kg2 {[%emt 0:00:28]} Rf8 {[%emt 0:00:44]} 41. Ne6 {[%emt 0:32:54]} Nxd5 {[%emt 0:10:35]} 42. Nxf8 {[%emt 0:00:00]} Bxf8 {[%emt 0:02:13]} 43. cxd5 {[%emt 0:00:00]} Rc2+ {[%emt 0:00:05]} 44. Kh1 {[%emt 0:00:00]} Rxb2 {[%emt 0:00:09]} 45. Rd1 {[%emt 0:00:00]} Ng7 {[%emt 0:01:09]} 46. Re3 {[%emt 0:00:00]} Nf5 {[%emt 0:04:43]} 47. Rf3 {[%emt 0:00:00]} Re2 {[%emt 0:01:49]} 48. d6 {[%emt 0:00:00]} Kg7 {[%emt 0:05:58]} 49. Rdd3 {[%emt 0:00:00]} Rxe5 {[%emt 0:00:43]} 50. d7 {[%emt 0:00:00]} Be7 {[%emt 0:00:22]} 51. d8=Q {[%emt 0:00:00]} Bxd8 {[%emt 0:00:01]} 52. Rxd8 {[%emt 0:00:00]} Kh6 {[%emt 0:00:00]} 53. Rd2 {[%emt 0:00:00]} Rc5 {[%emt 0:00:21]} 54. Rfd3 {[%emt 0:00:00]} Kg5 {[%emt 0:00:03]} 55. Kg2 {[%emt 0:00:00]} h5 {[%emt 0:00:01]} 56. h3 {[%emt 0:00:00]} Re5 {[%emt 0:00:34]} 57. Kf3 {[%emt 0:00:00]} Rc5 {[%emt 0:00:01]} 58. g4 {[%emt 0:00:00]} hxg4+ {[%emt 0:00:06]} 59. hxg4 {[%emt 0:00:00]} Nh4+ {[%emt 0:00:01]} 60. Kg3 {[%emt 0:00:00]} Rc1 {[%emt 0:01:10]} 61. Rd5+ {[%emt 0:00:00]} Kh6 {[%emt 0:00:00]} 62. Kxh4 {[%emt 0:00:00]} g5+ {[%emt 0:00:01]} 63. Kg3 {[%emt 0:00:00]} Rc3+ {[%emt 0:00:01]} 64. R2d3 {[%emt 0:00:00]} 1-0

[Event "Norwegian Team Championship 2019"]
[Site "Drammen"]
[Date "2019.06.02"]
[Round "6.15"]
[White "Lund, Terje"]
[Black "Stenersen, Gudmund"]
[Result "1/2-1/2"]
[WhiteElo "2055"]
[BlackElo "2183"]
[Annotator "ChessBase"]
[PlyCount "37"]
[EventDate "2019.05.30"]
[EventType "swiss"]
[EventCountry "NOR"]
[SourceTitle "playchess.com"]
[Source "ChessBase"]
[SourceQuality "1"]
[TimeControl "40/5400:1800"]

1. d4 {[%emt 0:04:01]} d5 {[%emt 0:01:03]} 2. c4 {[%emt 0:00:19]} e6 {[%emt 0:00:23]} 3. Nc3 {[%emt 0:00:04]} Nf6 {[%emt 0:00:21]} 4. cxd5 {[%emt 0:00:15]} exd5 {[%emt 0:00:23]} 5. Bg5 {[%emt 0:00:13]} Be7 {[%emt 0:00:16]} 6. e3 {[%emt 0:00:41]} c6 {[%emt 0:00:13]} 7. Bd3 {[%emt 0:00:06]} Nbd7 {[%emt 0:00:15]} 8. Qc2 {[%emt 0:00:44]} Nf8 {[%emt 0:00:24]} 9. Nf3 {[%emt 0:02:24]} g6 {[%emt 0:00:47]} 10. O-O {[%emt 0:01:05]} Ne6 {[%emt 0:00:10]} 11. Bh4 {[%emt 0:00:20]} O-O {[%emt 0:00:25]} 12. Rab1 {[%emt 0:00:26]} a5 {[%emt 0:00:29]} 13. a3 {[%emt 0:01:35]} Ng7 {[%emt 0:00:40]} 14. b4 {[%emt 0:00:27]} axb4 {[%emt 0:00:06]} 15. axb4 {[%emt 0:00:05]} Bf5 {[%emt 0:00:18]} 16. Bxf5 {[%emt 0:05:06]} Nxf5 {[%emt 0:00:37]} 17. Bxf6 {[%emt 0:00:06]} Bxf6 {[%emt 0:00:10]} 18. b5 {[%emt 0:00:11]} Nd6 {[%emt 0:07:52]} 19. bxc6 {[%emt 0:00:53]} 1/2-1/2

[Event "Norwegian Team Championship 2019"]
[Site "Drammen"]
[Date "2019.06.02"]
[Round "6.16"]
[White "Abrahamsson, Roaul"]
[Black "Stokhaug, Jon Arne"]
[Result "1/2-1/2"]
[WhiteElo "1980"]
[BlackElo "1833"]
[Annotator "NA"]
[PlyCount "141"]
[EventDate "2019.05.30"]
[EventType "swiss"]
[EventCountry "NOR"]
[SourceTitle "playchess.com"]
[Source "ChessBase"]
[SourceQuality "1"]
[TimeControl "40/5400:1800"]

1. d4 {[%emt 0:00:00]} Nf6 {[%emt 0:00:36]} 2. Nf3 {[%emt 0:00:17]} d5 {[%emt 0:00:38]} 3. c4 {[%emt 0:00:20]} e6 {[%emt 0:00:45]} 4. Nc3 {[%emt 0:00:18]} Be7 {[%emt 0:02:29]} 5. Bf4 {[%emt 0:01:09]} c6 {[%emt 0:00:25]} 6. e3 {[%emt 0:00:11]} O-O {[%emt 0:00:09]} 7. Rc1 {[%emt 0:00:18]} Nbd7 {[%emt 0:02:03] D37: Queen's Gambit Declined: 5 Bf4} 8. Bd3 {[%emt 0:00:24]} (8. h3 a6 9. Be2 b6 10. O-O Bb7 11. Qb3 c5 12. cxd5 Nxd5 13. Bh2 b5 14. Ne4 Qb6 15. dxc5 Nxc5 16. Nxc5 Bxc5 {1-0 (74) Aronian,L (2803)-Wang,H (2735) Beijing 2013}) 8... dxc4 {[%emt 0:02:57]} 9. Bxc4 {[%emt 0:00:03]} a6 {[%emt 0:01:40]} 10. O-O {[%emt 0:00:52]} c5 {[%emt 0:01:12]} 11. Qc2 {[%emt 0:08:55]} ({Better is} 11. Ne5 $14) 11... b5 {[%emt 0:02:12]} 12. Be2 {[%emt 0:00:34]} Bb7 {[%emt 0:00:38]} 13. dxc5 $146 {[%emt 0:01:17]} ({Predecessor:} 13. Rfd1 Qb6 14. Bg5 cxd4 15. exd4 h6 16. Be3 Rac8 {1-0 (57) McMahon,D (2275)-Pytel,M (2070) Avoine 1993}) 13... Nxc5 {[%emt 0:02:33]} 14. Rfd1 {[%emt 0:00:30]} Qb6 {[%emt 0:01:28]} 15. b4 {[%emt 0:07:45]} Ncd7 {[%emt 0:02:38]} 16. Qb1 {[%emt 0:01:12]} Rac8 {[%emt 0:01:24]} 17. Ne5 {[%emt 0:01:45]} Rfd8 {[%emt 0:03:18]} 18. Nxd7 {[%emt 0:08:09]} Rxd7 {[%emt 0:01:02]} 19. Rxd7 {[%emt 0:01:06]} Nxd7 {[%emt 0:00:04]} 20. a3 {[%emt 0:00:33]} Nf6 {[%emt 0:01:46]} 21. Be5 {[%emt 0:01:44]} Qa7 {[%emt 0:04:05]} 22. Bd3 {[%emt 0:00:43]} h6 {[%emt 0:00:36]} 23. Ne2 {[%emt 0:02:51]} Qa8 {[%emt 0:01:59]} 24. Rxc8+ {[%emt 0:02:23]} Qxc8 {[%emt 0:00:05]} 25. Qc2 {[%emt 0:00:52]} Qxc2 {[%emt 0:01:24]} 26. Bxc2 {[%emt 0:00:02]} Nd7 {[%emt 0:00:56]} 27. Bc3 {[%emt 0:08:06]} Bf6 {[%emt 0:03:54]} 28. Bxf6 {[%emt 0:00:26]} Nxf6 {[%emt 0:01:42]} 29. Nc3 {[%emt 0:00:29]} Ne8 {[%emt 0:06:22]} 30. Bd3 {[%emt 0:02:58]} Nc7 {[%emt 0:02:39]} 31. e4 {[%emt 0:04:37]} e5 {[%emt 0:03:46]} 32. g3 {[%emt 0:05:05]} Kf8 {[%emt 0:00:35]} 33. f4 {[%emt 0:02:06]} Ke7 {[%emt 0:02:45]} 34. Kf2 {[%emt 0:01:09]} Kd6 {[%emt 0:02:07]} 35. a4 {[%emt 0:00:46]} Bc6 {[%emt 0:02:49]} 36. axb5 {[%emt 0:01:18]} axb5 {[%emt 0:03:38]} 37. Ke3 {[%emt 0:02:43]} f6 {[%emt 0:01:09]} 38. f5 {[%emt 0:03:22]} Na6 {[%emt 0:05:54]} 39. Na2 {[%emt 0:00:08]} Be8 {[%emt 0:00:13]} 40. Kd2 {[%emt 0:01:26]} Nc7 {[%emt 0:01:45]} 41. Kc3 {[%emt 0:31:07]} Na8 {[%emt 0:33:07]} 42. Kb2 {[%emt 0:03:07]} Bd7 {[%emt 0:01:43]} 43. Nc3 {[%emt 0:00:20]} Nc7 {[%emt 0:00:08]} 44. Ne2 {[%emt 0:02:09]} Na6 {[%emt 0:01:49]} 45. Kb3 {[%emt 0:00:00]} Be8 {[%emt 0:00:00]} 46. Nc3 {[%emt 0:00:00]} Nc7 {[%emt 0:00:00]} 47. Ne2 {[%emt 0:00:00]} Na6 {[%emt 0:00:00]} 48. g4 {[%emt 0:00:00]} Nc7 {[%emt 0:00:00]} 49. Ng3 {[%emt 0:00:00]} Bf7+ {[%emt 0:00:00]} 50. Kc3 {[%emt 0:00:00]} Kc6 $11 {[%emt 0:00:00]} 51. Bc2 {[%emt 0:00:00]} Kd6 {[%emt 0:00:00]} 52. Bb3 {[%emt 0:00:00]} Bxb3 {[%emt 0:00:00]} 53. Kxb3 {[%emt 0:00:00]} Ke7 {[%emt 0:00:00]} 54. Kc3 {[%emt 0:00:00]} Na6 {[%emt 0:00:00]} 55. Nf1 {[%emt 0:00:00]} Kd6 {[%emt 0:00:00]} 56. Nd2 {[%emt 0:00:00]} Nb8 {[%emt 0:00:00]} 57. Nf3 {[%emt 0:00:00]} Ke7 {[%emt 0:00:00]} 58. h4 {[%emt 0:00:00]} Nc6 {[%emt 0:00:00]} 59. g5 {[%emt 0:00:00]} hxg5 {[%emt 0:00:00]} 60. hxg5 {[%emt 0:00:00]} fxg5 {[%emt 0:00:00]} 61. Nxg5 {[%emt 0:00:00]} Nd4 {[%emt 0:00:00]} 62. Nh3 {[%emt 0:00:00]} Kf6 {[%emt 0:00:00]} 63. Nf2 {[%emt 0:00:00]} Nxf5 {[%emt 0:00:00]} 64. exf5 {[%emt 0:00:00]} Kxf5 {[%emt 0:00:00]} 65. Kd3 {[%emt 0:00:00]} Kf4 {[%emt 0:00:00]} 66. Ke2 {[%emt 0:00:00]} e4 {[%emt 0:00:00]} 67. Nh3+ {[%emt 0:00:00]} Ke5 {[%emt 0:00:00]} 68. Ke3 {[%emt 0:00:00]} Kd5 {[%emt 0:00:00]} 69. Nf2 {[%emt 0:00:00]} Kc4 {[%emt 0:00:00]} 70. Nxe4 {[%emt 0:00:00]} Kxb4 {[%emt 0:00:00]} 71. Nd6 {[%emt 0:00:00]} 1/2-1/2

[Event "Norwegian Team Championship 2019"]
[Site "Drammen"]
[Date "2019.06.02"]
[Round "6.18"]
[White "Kolas, Tore"]
[Black "Johansen, Oivind"]
[Result "0-1"]
[WhiteElo "2120"]
[BlackElo "2042"]
[Annotator "ChessBase"]
[PlyCount "76"]
[EventDate "2019.05.30"]
[EventType "swiss"]
[EventCountry "NOR"]
[SourceTitle "playchess.com"]
[Source "ChessBase"]
[SourceQuality "1"]
[TimeControl "40/5400:1800"]

1. c4 {[%emt 0:00:05]} Nf6 {[%emt 0:00:18]} 2. Nc3 {[%emt 0:00:08]} c5 {[%emt 0:00:18]} 3. Nf3 {[%emt 0:00:25]} d5 {[%emt 0:00:34]} 4. cxd5 {[%emt 0:00:47]} Nxd5 {[%emt 0:00:10]} 5. e4 {[%emt 0:01:32]} Nc7 {[%emt 0:02:36]} 6. d4 {[%emt 0:08:58]} cxd4 {[%emt 0:03:05]} 7. Nxd4 {[%emt 0:00:38]} g6 {[%emt 0:05:07]} 8. Be3 {[%emt 0:06:07]} Bg7 {[%emt 0:00:50]} 9. Be2 {[%emt 0:07:04]} O-O {[%emt 0:01:43]} 10. O-O {[%emt 0:00:23]} Ne6 {[%emt 0:04:47]} 11. Ncb5 {[%emt 0:18:04]} Nxd4 {[%emt 0:03:54]} 12. Nxd4 {[%emt 0:01:23]} Bd7 {[%emt 0:04:11]} 13. Qb3 {[%emt 0:08:56]} e5 {[%emt 0:07:20]} 14. Nb5 {[%emt 0:03:36]} Be6 {[%emt 0:02:57]} 15. Bc4 {[%emt 0:01:54]} Bxc4 {[%emt 0:04:30]} 16. Qxc4 {[%emt 0:00:09]} Nc6 {[%emt 0:00:48]} 17. Rfd1 {[%emt 0:05:10]} Qf6 {[%emt 0:05:23]} 18. Rd6 {[%emt 0:09:44]} Qh4 {[%emt 0:01:10]} 19. Rad1 {[%emt 0:03:40]} a6 {[%emt 0:05:09]} 20. Nc3 {[%emt 0:02:22]} Nd4 {[%emt 0:02:27]} 21. Rd7 {[%emt 0:02:10]} b5 {[%emt 0:01:46]} 22. Qc7 {[%emt 0:02:18]} b4 {[%emt 0:00:53]} 23. Nd5 {[%emt 0:00:14]} Qxe4 {[%emt 0:00:48]} 24. Bh6 {[%emt 0:00:40]} Qe2 {[%emt 0:01:03]} 25. Ne7+ {[%emt 0:00:01]} Kh8 {[%emt 0:00:12]} 26. Bxg7+ {[%emt 0:00:01]} Kxg7 {[%emt 0:00:07]} 27. Rf1 {[%emt 0:00:06]} Nb5 {[%emt 0:04:57]} 28. Qb6 {[%emt 0:00:53]} Rfb8 {[%emt 0:06:49]} 29. Qc5 {[%emt 0:00:15]} Rd8 {[%emt 0:01:22]} 30. Rxd8 {[%emt 0:00:55]} Rxd8 {[%emt 0:00:02]} 31. Nd5 {[%emt 0:00:20]} Qxb2 {[%emt 0:01:02]} 32. Ne3 {[%emt 0:00:19]} Qd4 {[%emt 0:00:42]} 33. Qe7 {[%emt 0:00:01]} h6 {[%emt 0:01:52]} 34. h3 {[%emt 0:00:01]} Qd6 {[%emt 0:00:34]} 35. Qh4 {[%emt 0:00:01]} Nd4 {[%emt 0:00:52]} 36. Ng4 {[%emt 0:00:12]} g5 {[%emt 0:01:09]} 37. Qh5 {[%emt 0:00:07]} Ne2+ {[%emt 0:00:21]} 38. Kh1 {[%emt 0:00:02]} Nf4 {[%emt 0:00:12]} 0-1